Red Hot Chili Peppers - Blood Sugar Sex Magik Songs - Statistics

General Stats
  • This quiz has been taken 14 times
  • The average score is 12 of 17
Answer Stats
Length Song % Correct
4:24 Under the Bridge
100%
4:55 Breaking the Girl
92%
4:42 Give It Away
92%
3:36 Suck My Kiss
92%
4:03 The Power of Equality
92%
3:36 If You Have to Ask
77%
4:31 Blood Sugar Sex Magik
69%
5:22 Funky Monks
69%
4:04 I Could Have Lied
69%
3:59 Mellowship Slinky in B Major
69%
8:16 Sir Psycho Sexy
69%
4:41 Apache Rose Peacock
62%
4:25 Naked in the Rain
62%
4:07 The Righteous & the Wicked
62%
3:13 The Greeting Song
54%
1:09 They're Red Hot
54%
4:39 My Lovely Man
46%
No matching quizzes found
Score Distribution
Percent of People with Each Score
Percentile by Number Answered
Your Score History
You have not taken this quiz